000 00636cam a22001931 4500
001 sa 65001671
003 DLC
005 20260227112110.0
008 890913s1963 io 000 0 ind
010 _asa 65001671
035 _a(OCoLC)23536701
040 _aDLC
_cMiU
_dDLC
042 _apremarc
050 0 0 _aDS644.2.1963
_b.A7
100 1 _aAidit, D. N.,
_d1923-1965.
245 1 0 _aHajo, ringkus dan ganjang kontra revolusi.
_bPidato ulangtahun ke 13 PKI, diutjapkan di Istana Olah Raga "Gelora Bung Karno" pada tanggal 26 Mei 1963, oleh D. N. Aidit.
260 _aDjakarta,
_bJajasan Pembaruan,
_c1963.
300 _a31 p.
_c21 cm.
999 _c62152
_d62152